Дело об уплате Дирекцией денег за наем дома купца Гаврилы Таирова

Доступно только в Электронных читальных залах Найти на картеНа карте
RUSMARC
00004071nmc2a22000003x 450
001b91e3b32-2d58-40c1-ab86-654700f163da
00520181003142948.0
100##$a20161209l18121813k l0rusy0189 ca
1010#$arus
102##$aRU
2001#$aДело об уплате Дирекцией денег за наем дома купца Гаврилы Таирова
$j7 июня 1812 г. - 24 февраля 1813 г.
251##$cДело
300##$aДело
300##$aОриг. заголовок дела: Дело по прошению купца Таирова о сдаче дома его, нанимаемого Дирекцией, в исправности по заключенному контракту. 7 июня 1812 г. - 24 февраля 1813 г
801#0$aRU
$bРГИА
$c20161209
$gRCR
801#1$aRU
$bГлавНИВЦ
$c20161209
$2rusmarc
801#2$aRU
$bПБ им. Б.Н. Ельцина
$c20181003
$gRCR
$2rusmarc
850##$aРГИА
852##$aРГИА
$eФедеральное казенное учреждение "Российский государственный исторический архив" (РГИА)
$j1104
937##$hРГИА
$d12235318
$aASBIBLIO_SCAN
462#0$1001dd3991dc-24e1-42ec-8838-ca4255420416
$12001
$a1746-1850 гг.
$1251
$cОпись
$1852
$j1
461#0$10019264ebf8-de62-4f1a-9eb4-9f22098dbbd5
$12001
$aДирекция императорских театров МИДв
$1251
$cФонд
$1852
$j497
215##$a16 л.
$d36,5х26 см
371##$aДокумент не является опубликованным и широко распространяемым
105##$ay###
1222#$ad
5171#$aДело по прошению купца Таирова о сдаче дома его, нанимаемого Дирекцией, в исправности по заключенному контракту. 7 июня 1812 г. - 24 февраля 1813 г
035##$ab91e3b32-2d58-40c1-ab86-654700f163da
856##$uhttp://readingroom.main.prlib.ru/item.aspx?id_node=n118846350&mode=full
Формат отображения